Центробежные погружные химические насосы типа ХПА, ХПАО, ПХП: каталог

Бібліографічні деталі
Співавтори: ВНИИГИДРОМАШ, Центральный институт научно-технической информации и технико-экономических исследований по химическому и нефтяному машиностроению (ЦИНТИХИМНЕФТЕМАШ)
Інші автори: Аринштейн В. М. (редактор), Панферов Н. Ф. (составитель), Холопова Р. М.
Резюме:Исключено из фонда НТБ ТПУ
Мова:Російська
Опубліковано: Москва, ЦИНТИХИМНЕФТЕМАШ, 1974
Формат: MixedMaterials Книга
KOHA link:https://koha.lib.tpu.ru/cgi-bin/koha/opac-detail.pl?biblionumber=116817

MARC

LEADER 00000nam0a2200000 4500
001 116817
005 20231031123357.0
035 |a (RuTPU)RU\TPU\book\126413 
035 |a RU\TPU\book\126410 
090 |a 116817 
100 |a 20070528d1974 k y0rusy50 ca 
101 0 |a rus 
102 |a RU 
105 |a a b 000zy 
200 1 |a Центробежные погружные химические насосы типа ХПА, ХПАО, ПХП  |e каталог  |f ВНИИГИДРОМАШ; Центральный институт научно-технической информации и технико-экономических исследований по химическому и нефтяному машиностроению (ЦИНТИХИМНЕФТЕМАШ); под ред. В. М. Аринштейна; сост. Н. Ф. Панферов, Р. М. Холопова 
210 |a Москва  |c ЦИНТИХИМНЕФТЕМАШ  |d 1974 
215 |a 21 с.  |c ил. 
333 |a Исключено из фонда НТБ ТПУ 
702 1 |a Аринштейн  |b В. М.  |4 340 
702 1 |a Панферов  |b Н. Ф.  |4 220 
702 1 |a Холопова  |b Р. М.  |4 220 
712 0 2 |a ВНИИГИДРОМАШ 
712 0 2 |a Центральный институт научно-технической информации и технико-экономических исследований по химическому и нефтяному машиностроению (ЦИНТИХИМНЕФТЕМАШ) 
801 1 |a RU  |b 63413507  |c 20070421  |g PSBO 
801 2 |a RU  |b 63413507  |c 20220617  |g PSBO 
942 |c BK